000 00335nam a22001337a 4500
008 170628b xxu||||| |||| 00| 0 eng d
020 _a9781563680670
041 _aeng
080 _a82
100 _a22
101 _aGJL
245 _aISSUES UNRESOLVED NEW PERSPECTIVE LANGUAGE AND DEAF EDUCATION
_cWEISEL.A
942 _2udc
_cBK
999 _c19441
_d19441